1880 1468 1035 1908 1918 1630 1571 1369 1375 1701 1350 1613 1668 1511 1611 1689 1113 1892 1452 1771 1652 1518 1210 1491 1169 1289 1959 1063 1443 1044 1174 1545 1889 1437 1235 1710 1608 1110 1115 1404 1794 1804 1596 1378 1443 1092 1155 1905 1073 1384 1550 1196 1321 1976 1909 1721 1073 1455 1392 1708 1255 1452 1437 1454 1699 1820 1932 1407 1323 1690 1763 1935 1935 1505 1222 1161 1012 1888 1971 1960 1179 1919 1795 1365 1708 1350 1464 1306 1675 1726 1023 1374 1501 1484 1604 1140 1222 1896 1384 BCNSPRNW ULIB Ver.6.0+V

เปลี่ยนเป็นภาษาไทย

Change to English
 แสดงรายละเอียดบรรณานุกรม
  กลับหน้าหลัก

Brief Record : Get Marc (ISO 2709) : E-mail record : QR code < ปิดหน้าต่าง
LEADER : 00000nam 2200000uu 4500
001    13399114435
003     ULIB
008    110627s||||||||th 000 0 tha d
020    9743224432
098    นว.^bม162ค
100 0  สุเมธ เชาว์ชุติ
245 00 ครั้งเดียวไม่เคยฆ่า/^cสุเมธ เชาว์ชุติ
250    พิมพ์ครั้งที่ 4
260    กรุงเทพฯ :^bมติชน,^c2545
300    208 หน้า
710 1  มติชน
945    ^p0^l0^i031545
995    ทศพร
999 ^a ใช้งานได้ทุกระบบ
รายการนี้ยังไม่มีแท็ก
คุณยังไม่ได้ล็อกอิน คุณสามารถมีกิจกรรมร่วมกับเว็บไซต์ได้ แต่ต้องล็อกอินก่อน ::
  ล็อกอิน

รายการสื่อสารสนเทศ

ลำดับที่ ประเภท เลขเรียก/บาร์โค้ด สถานที่ สถานะ
1. นวนิยาย
นวนิยาย
 ฉ.1 
  Barcode: 031545
ห้องสมุดวิทยาเขตสวรรค์ประชารักษ์
►นวนิยาย
บนชั้น
  ขอยืม

BibComment


ยังไม่เคยถูกคอมเมนท์

คอมเมนท์ทรัพยากรรายการนี้
  คอมเมนท์: ครั้งเดียวไม่เคยฆ..


 Copyright 2026. Bcnsprnw @Library